G̲h̲ulāmān-i Islām. (Record no. 80210)

MARC details
000 -LEADER
fixed length control field 00606cam a22002411 4500
001 - CONTROL NUMBER
control field sa 68004572
003 - CONTROL NUMBER IDENTIFIER
control field DLC
005 - DATE AND TIME OF LATEST TRANSACTION
control field 20260227112502.0
008 - FIXED-LENGTH DATA ELEMENTS--GENERAL INFORMATION
fixed length control field 890615s1963 ii b 000 0 urdr
010 ## - LIBRARY OF CONGRESS CONTROL NUMBER
LC control number sa 68004572
035 ## - SYSTEM CONTROL NUMBER
System control number (OCoLC)19878493
040 ## - CATALOGING SOURCE
Original cataloging agency DLC
Transcribing agency WaU
Modifying agency DLC
042 ## - AUTHENTICATION CODE
Authentication code premarc
050 00 - LIBRARY OF CONGRESS CALL NUMBER
Classification number BP70
Item number .S25
100 0# - MAIN ENTRY--PERSONAL NAME
Personal name Saʻīd Aḥmad Akbarābādī,
Dates associated with a name 1908-
245 10 - TITLE STATEMENT
Title G̲h̲ulāmān-i Islām.
260 ## - PUBLICATION, DISTRIBUTION, ETC.
Date of publication, distribution, etc. [1963]
300 ## - PHYSICAL DESCRIPTION
Extent 488 p.
Dimensions 26 cm.
500 ## - GENERAL NOTE
General note In Urdu.
504 ## - BIBLIOGRAPHY, ETC. NOTE
Bibliography, etc. note Bibliographical footnotes.
650 #0 - SUBJECT ADDED ENTRY--TOPICAL TERM
Topical term or geographic name entry element Muslims
Form subdivision Biography.
650 #0 - SUBJECT ADDED ENTRY--TOPICAL TERM
Topical term or geographic name entry element Muslim converts.

No items available.

Powered by Koha